[Event "Scarborough CC-ch Reserves U1700"]
[Site "Toronto CAN"]
[Date "2011.04.21"]
[Round "9"]
[White "Rodriguez, Sergio1"]
[Black "Liu, Peter"]
[Result "0-1"]
[WhiteElo "1092"]
[BlackElo "1324"]
[PlyCount "216"]
[GameId "2160767909804317"]
[EventDate "2011.02.24"]
[EventType "swiss"]
[EventRounds "9"]
[EventCountry "CAN"]
[SourceTitle "EXT 2022"]
[Source "ChessBase"]
[SourceDate "2021.10.06"]
[SourceVersion "1"]
[SourceVersionDate "2021.10.06"]
[SourceQuality "1"]

1. f4 d5 2. Nf3 Nc6 3. e3 Nf6 4. Bb5 Bd7 5. Nc3 g6 6. b3 Bg7 7. Bb2 O-O 8. d4 a6 9. Bxc6 Bxc6 10. Qd3 Bd7 11. O-O-O Bf5 12. Qe2 Qd6 13. h3 Ne4 14. Nxe4 Bxe4 15. Ng5 Bf5 16. g4 f6 17. Nf3 Be4 18. Rhf1 f5 19. g5 Rac8 20. Nd2 Qc6 21. Nxe4 dxe4 22. h4 h5 23. a4 Qd5 24. Ba3 Rfe8 25. c4 Qe6 26. Bb2 Qb6 27. Qc2 Rcd8 28. c5 Qe6 29. Rf2 Qd5 30. Rfd2 e6 31. Ba1 c6 32. a5 Re7 33. Qc3 Rf7 34. Qb4 Rfd7 35. Qb6 Ra8 36. Rc2 e5 37. Rcd2 exf4 38. exf4 Bf8 39. Qb4 Rb8 40. Qc3 Bg7 41. Qe3 Re8 42. Rc2 Re6 43. Rc4 Re8 44. Rb4 Red8 45. Rb6 Ra8 46. Rb4 Re8 47. Rc4 Re6 48. Rc2 Re8 49. Bc3 Re6 50. Kb1 Re8 51. Ka2 Rb8 52. Ka3 Re8 53. Ba1 Rb8 54. Rcd2 Re8 55. Rb1 Rb8 56. Qe1 Re8 57. Qc1 Rb8 58. b4 Ra8 59. Rb3 Ra7 60. Qd1 Ra8 61. Rb1 Ra7 62. Qc2 Ra8 63. Rdd1 Ra7 64. Rd2 Ra8 65. Rc1 Ra7 66. Qc4 Ra8 67. Qxd5+ Rxd5 68. Re1 Rad8 69. Red1 Kf7 70. Kb3 Ke6 71. Kc4 Ra8 72. Kb3 Rad8 73. b5 axb5 74. Kb4 Ra8 75. Bc3 Ra7 76. Ra2 Ra8 77. Ba1 Ra7 78. a6 Rxa6 79. Rxa6 bxa6 80. Ka5 Rd7 81. Kxa6 Kd5 82. Bc3 Kc4 83. Rc1 Bxd4 84. Be1+ Kd5 85. Kb6 Re7 86. Rd1 Kc4 87. Kxc6 Re6+ 88. Kd7 Ra6 89. c6 Bb6 90. Rc1+ Kd5 91. Rd1+ Kc4 92. Kd6 Bc5+ 93. Kd7 Bb6 94. Kd6 Bc5+ 95. Kc7 Ra7+ 96. Kb8 Bb6 97. Rc1+ Kd5 98. Bb4 Kd4 99. Be7 Rxe7 100. Rb1 Kc5 101. Rc1+ Kd6 102. Kc8 Rc7+ 103. Kb8 Rxc6 104. Rd1+ Ke6 105. Kb7 Rd6 106. Rb1 Bf2 107. Kc7 Bb6+ 108. Kc8 Rd5 0-1

[Event "Scarborough CC-ch Reserves U1700"]
[Site "Toronto CAN"]
[Date "2011.04.21"]
[Round "9"]
[White "Smith, Maurice"]
[Black "Kurkowski, Ken"]
[Result "1-0"]
[WhiteElo "1533"]
[BlackElo "1506"]
[PlyCount "129"]
[GameId "2160767909804318"]
[EventDate "2011.02.24"]
[EventType "swiss"]
[EventRounds "9"]
[EventCountry "CAN"]
[SourceTitle "EXT 2022"]
[Source "ChessBase"]
[SourceDate "2021.10.06"]
[SourceVersion "1"]
[SourceVersionDate "2021.10.06"]
[SourceQuality "1"]

1. d4 e6 2. c4 f5 3. Nf3 Nf6 4. Nc3 Bb4 5. Bd2 b6 6. a3 Bxc3 7. Bxc3 Ne4 8. Rc1 Bb7 9. e3 d6 10. Bd3 Nxc3 11. Rxc3 O-O 12. O-O Nd7 13. b4 Nf6 14. Qe2 Ne4 15. Rc2 Rc8 16. Rd1 Qf6 17. c5 bxc5 18. dxc5 Nc3 19. Qe1 Nxd1 20. Qxd1 Be4 21. Bxe4 fxe4 22. Nd4 dxc5 23. bxc5 Rcd8 24. Qb1 Rb8 25. Qd1 e5 26. h3 exd4 27. exd4 c6 28. Kh2 Rfd8 29. Rd2 Rb3 30. Qxb3+ Kh8 31. Qe3 Qf5 32. Qg3 Rf8 33. Re2 h6 34. Qd6 Qf4+ 35. Qxf4 Rxf4 36. Kg3 g5 37. Rb2 Rf7 38. Re2 Rf4 39. Rd2 Kg7 40. d5 cxd5 41. Rxd5 Rf8 42. c6 Rc8 43. Rc5 Kf6 44. Kg4 Ke6 45. Kh5 Kd6 46. Rc3 Kc7 47. Kxh6 Rf8 48. Rc2 Rf5 49. Kg6 Ra5 50. Rc3 Rd5 51. Re3 Kxc6 52. Rxe4 Rd2 53. Kxg5 Rxf2 54. Rg4 Ra2 55. Ra4 Rxg2+ 56. Kh4 Kb6 57. Rg4 Ra2 58. Rg3 Ka5 59. Kg5 Ka4 60. h4 Rh2 61. h5 Rc2 62. h6 Rc5+ 63. Kh4 Rc4+ 64. Rg4 Rxg4+ 65. Kxg4 1-0

[Event "Scarborough CC-ch Reserves U1700"]
[Site "Toronto CAN"]
[Date "2011.04.21"]
[Round "9"]
[White "Super, Russell"]
[Black "Vyravanathan, Sobiga"]
[Result "1/2-1/2"]
[WhiteElo "1446"]
[BlackElo "1309"]
[PlyCount "120"]
[GameId "2160767909804319"]
[EventDate "2011.02.24"]
[EventType "swiss"]
[EventRounds "9"]
[EventCountry "CAN"]
[SourceTitle "EXT 2022"]
[Source "ChessBase"]
[SourceDate "2021.10.06"]
[SourceVersion "1"]
[SourceVersionDate "2021.10.06"]
[SourceQuality "1"]

1. e4 c5 2. Nf3 Nc6 3. d4 cxd4 4. Nxd4 Nf6 5. Nc3 d6 6. Be2 e6 7. O-O Be7 8. h3 O-O 9. Be3 a6 10. Qd2 Bd7 11. f4 e5 12. Nb3 exf4 13. Bxf4 Be6 14. Rad1 Qb6+ 15. Be3 Qc7 16. Kh1 Qd7 17. Bf4 Rfd8 18. Qe3 Qc8 19. Qg3 Ne8 20. Rd2 Rd7 21. Rfd1 Qd8 22. Nd4 Nxd4 23. Rxd4 Bh4 24. Qd3 Be7 25. Qd2 Rc8 26. Bf3 Rc6 27. e5 Rdc7 28. exd6 Bxd6 29. Bxd6 Nxd6 30. Rxd6 Rxd6 31. Qxd6 Rd7 32. Qb4 Rxd1+ 33. Bxd1 Qc8 34. Bg4 Bxg4 35. Qxg4 Qe8 36. Ne2 h6 37. Nd4 Qe1+ 38. Kh2 Qe5+ 39. g3 Qa5 40. Qc8+ Kh7 41. Qf5+ Qxf5 42. Nxf5 Kg6 43. Nd4 Kf6 44. c4 Ke5 45. Nf3+ Ke4 46. Kg2 Kd3 47. b3 Kc2 48. Nd4+ Kb2 49. a4 Kc3 50. Nf5 Kxb3 51. Nd6 Kxa4 52. Nxb7 Kb4 53. c5 Kb5 54. Kf2 Kc6 55. Nd6 Kxc5 56. Nxf7 a5 57. Ke2 a4 58. Kd2 Kb4 59. Kc2 a3 60. Kb1 Kb3 1/2-1/2

[Event "Scarborough CC-ch Reserves U1700"]
[Site "Toronto CAN"]
[Date "2011.04.21"]
[Round "9"]
[White "Xiao, Jerry"]
[Black "Palakkal, Anirudh"]
[Result "1-0"]
[WhiteElo "908"]
[BlackElo "882"]
[PlyCount "33"]
[GameId "2160767909804320"]
[EventDate "2011.02.24"]
[EventType "swiss"]
[EventRounds "9"]
[EventCountry "CAN"]
[SourceTitle "EXT 2022"]
[Source "ChessBase"]
[SourceDate "2021.10.06"]
[SourceVersion "1"]
[SourceVersionDate "2021.10.06"]
[SourceQuality "1"]

1. e4 e6 2. d4 d5 3. e5 c6 4. Nf3 Be7 5. Bd3 Bb4+ 6. Bd2 a5 7. a3 Be7 8. O-O a4 9. Qc1 f6 10. exf6 Nxf6 11. Re1 Bd6 12. Ng5 Ke7 13. Bf5 h6 14. Nxe6 Bxe6 15. Rxe6+ Kf7 16. Bf4 Re8 17. Rxd6 1-0

[Event "Scarborough CC-ch Reserves U1700"]
[Site "Toronto CAN"]
[Date "2011.04.21"]
[Round "9"]
[White "Zhao, Harry"]
[Black "Thanabalachandran, Kajan"]
[Result "0-1"]
[WhiteElo "1469"]
[BlackElo "1509"]
[PlyCount "62"]
[GameId "2160767909804321"]
[EventDate "2011.02.24"]
[EventType "swiss"]
[EventRounds "9"]
[EventCountry "CAN"]
[SourceTitle "EXT 2022"]
[Source "ChessBase"]
[SourceDate "2021.10.06"]
[SourceVersion "1"]
[SourceVersionDate "2021.10.06"]
[SourceQuality "1"]

1. e4 c5 2. Nf3 Nc6 3. d4 cxd4 4. Nxd4 Nf6 5. Nc3 d6 6. Be3 Bd7 7. Be2 a6 8. O-O e6 9. Qd2 Be7 10. Nf3 O-O 11. a3 h6 12. Rfd1 Rc8 13. Bf4 e5 14. Be3 Be6 15. Nd5 Nxe4 16. Nxe7+ Qxe7 17. Qd3 Bf5 18. Qd5 Nf6 19. Qxd6 Bxc2 20. Qxe7 Nxe7 21. Rd2 e4 22. Nd4 Ba4 23. b3 Bd7 24. f3 Nfd5 25. Bf2 e3 26. Bxe3 Nxe3 27. Nc2 Nxc2 28. Rxc2 Rcd8 29. Rd1 Bb5 30. Rcd2 Rxd2 31. Rxd2 Re8 0-1

[Event "St-Jean op"]
[Site "Quebec CAN"]
[Date "2011.06.25"]
[Round "3"]
[White "Bleau, John"]
[Black "Rondeau, Samuel"]
[Result "1/2-1/2"]
[WhiteElo "1982"]
[BlackElo "1932"]
[PlyCount "129"]
[GameId "2160767909704169"]
[EventDate "2011.06.24"]
[EventType "swiss"]
[EventRounds "5"]
[EventCountry "CAN"]

1. Nc3 e6 2. Nf3 d5 3. e4 Nf6 4. exd5 exd5 5. d4 Bb4 6. a3 Be7 7. Be2 O-O 8. O-O b6 9. Bf4 Nh5 10. Be3 Be6 11. Ne5 Nf6 12. Bf3 c6 13. Re1 Qc7 14. Bg5 Nbd7 15. Nxf7 Bxa3 16. Rxa3 Bxf7 17. Re7 Qd6 18. Bxf6 gxf6 19. Re3 a5 20. Bh5 Kh8 21. Bxf7 Rxf7 22. Qh5 Rg7 23. Ne2 Rag8 24. Rg3 Rxg3 25. Rxg3 Rxg3 26. Nxg3 Qe7 27. h3 Nf8 28. Nf5 Qd7 29. g4 Ng6 30. Qh6 Qf7 31. Qe3 Nf8 32. Qe7 Qxe7 33. Nxe7 Kg7 34. Nxc6 Kf7 35. Na7 Ne6 36. c3 Nf4 37. Nc8 Nd3 38. Nxb6 Nxb2 39. Nxd5 a4 40. Kf1 a3 41. Ne3 Ke6 42. Ke2 a2 43. Nc2 Kd6 44. f4 Ke6 45. d5+ Kd6 46. g5 fxg5 47. fxg5 Nc4 48. h4 Ne5 49. Ke3 Ng6 50. h5 Ne7 51. c4 Ke5 52. Kd3 Kf5 53. g6 hxg6 54. hxg6 Nxg6 55. Kc3 Ke5 56. Kb2 a1=Q+ 57. Nxa1 Nf4 58. Kb3 Nxd5 59. Nc2 Kd6 60. Nd4 Kc5 61. Ne6+ Kc6 62. Nd8+ Kc5 63. Nb7+ Kc6 64. Na5+ Kc5 65. cxd5 1/2-1/2

[Event "St-Jean op"]
[Site "Quebec CAN"]
[Date "2011.06.26"]
[Round "3"]
[White "Berube, Antoine"]
[Black "Arsenault, Nicolas"]
[Result "1-0"]
[WhiteElo "2169"]
[BlackElo "2196"]
[PlyCount "53"]
[GameId "2160767909704173"]
[EventDate "2011.06.24"]
[EventType "swiss"]
[EventRounds "5"]
[EventCountry "CAN"]

1. d4 Nf6 2. c4 e6 3. Nc3 Bb4 4. Nf3 b6 5. Bg5 h6 6. Bh4 g5 7. Bg3 Ne4 8. Qc2 Bb7 9. Be5 Bxc3+ 10. bxc3 Rg8 11. d5 exd5 12. cxd5 Bxd5 13. Rd1 Bb7 14. e3 d6 15. Bd3 Nc5 16. Bh7 Qe7 17. Nd2 Qxe5 18. Bxg8 Bxg2 19. Rg1 Bh3 20. Qh7 Qe6 21. Ne4 Nbd7 22. Rxd6 Qxe4 23. Bxf7+ Kf8 24. Bg6 Qf3 25. Rg3 Qh1+ 26. Kd2 Ne5 27. Rf6+ 1-0

[Event "St-Jean op"]
[Site "Quebec CAN"]
[Date "2011.06.26"]
[Round "4"]
[White "Larochelle, Martial"]
[Black "Berube, Antoine"]
[Result "0-1"]
[WhiteElo "2278"]
[BlackElo "2169"]
[PlyCount "46"]
[GameId "2160767909704176"]
[EventDate "2011.06.24"]
[EventType "swiss"]
[EventRounds "5"]
[EventCountry "CAN"]

1. c4 e5 2. g3 Nf6 3. Bg2 Nc6 4. Nc3 Bb4 5. Nd5 Bc5 6. Nf3 O-O 7. O-O d6 8. d3 Nxd5 9. cxd5 Nd4 10. e3 Nxf3+ 11. Qxf3 Qg5 12. Qe2 Bb6 13. b3 Bg4 14. Qb2 Qh5 15. f3 Bh3 16. Kh1 f5 17. Bxh3 Qxh3 18. Qg2 Qh5 19. Bd2 Qg6 20. Rac1 Rf7 21. Rc4 Raf8 22. a4 f4 23. e4 fxg3 0-1

[Event "St-Jean op U2000"]
[Site "Quebec CAN"]
[Date "2011.06.26"]
[Round "2"]
[White "Bissonnette, Mathieu"]
[Black "Doyon, Stephane"]
[Result "1-0"]
[WhiteElo "1448"]
[BlackElo "1671"]
[PlyCount "45"]
[GameId "2160767909704180"]
[EventDate "2011.06.24"]
[EventType "swiss"]
[EventRounds "5"]
[EventCountry "CAN"]

1. e4 Nf6 2. e5 Nd5 3. c4 Nb6 4. d4 d6 5. f4 Bf5 6. Nf3 e6 7. Nc3 Nc6 8. a3 dxe5 9. fxe5 Be7 10. d5 exd5 11. cxd5 Nb8 12. Bb5+ c6 13. d6 Bf8 14. Bg5 f6 15. exf6 gxf6 16. Qe2+ Kf7 17. Ne5+ Kg7 18. Qh5 Bg6 19. Bh6+ Kg8 20. Nxg6 cxb5 21. Nxf8 N8d7 22. Qg4+ Kf7 23. Qe6# 1-0

[Event "St-Jean op U2000"]
[Site "Quebec CAN"]
[Date "2011.06.25"]
[Round "3"]
[White "Robitaille, Denis"]
[Black "Nafii, Adil"]
[Result "0-1"]
[WhiteElo "1824"]
[BlackElo "1595"]
[PlyCount "56"]
[GameId "2160767909704181"]
[EventDate "2011.06.24"]
[EventType "swiss"]
[EventRounds "5"]
[EventCountry "CAN"]

1. f4 d5 2. Nf3 c5 3. g3 Nc6 4. Bg2 Nf6 5. d3 Bg4 6. Ne5 h5 7. c3 Qc7 8. Qa4 a6 9. Nxc6 Bd7 10. e4 Bxc6 11. Qc2 e6 12. Nd2 Ng4 13. Nf3 dxe4 14. dxe4 O-O-O 15. h3 Nf6 16. Ne5 Bb5 17. c4 Be8 18. Be3 Bd6 19. Nd3 Nd7 20. e5 Be7 21. O-O-O f6 22. Qb3 Nb6 23. Rd2 Rf8 24. Re1 Ba4 25. Qc3 Bc6 26. Bf1 Na4 27. Qb3 b5 28. Kb1 Nb6 0-1

[Event "St-Jean op U2000"]
[Site "Quebec CAN"]
[Date "2011.06.26"]
[Round "5"]
[White "Lamontagne, Danny"]
[Black "Pichette, Mickaelin"]
[Result "1-0"]
[WhiteElo "1792"]
[BlackElo "1887"]
[PlyCount "59"]
[GameId "2160767909704182"]
[EventDate "2011.06.24"]
[EventType "swiss"]
[EventRounds "5"]
[EventCountry "CAN"]

1. e4 c5 2. c3 e5 3. Nf3 d6 4. Bc4 Be6 5. Bxe6 fxe6 6. Qb3 Qd7 7. d3 Nc6 8. Ng5 d5 9. Nxe6 c4 10. Nxf8 Kxf8 11. dxc4 dxe4 12. O-O Rd8 13. Bg5 Nf6 14. Na3 Qf5 15. Qxb7 Ne7 16. Be3 Kf7 17. Rad1 Rb8 18. Qxa7 Rxb2 19. Nb5 Rxb5 20. cxb5 Re8 21. b6 Kg8 22. b7 Nc6 23. Qb6 Qe6 24. Rd2 Nh5 25. Rfd1 Nf4 26. Bxf4 exf4 27. Rd6 Qg4 28. Qxc6 Rf8 29. Qd5+ Kh8 30. Rd8 1-0

[Event "Ste-Foy 2011.01.15"]
[Site "Quebec CAN"]
[Date "2011.01.15"]
[Round "1"]
[White "Labrecque, Rejean"]
[Black "Gaskins, Nathaniah"]
[Result "0-1"]
[WhiteElo "1751"]
[BlackElo "1416"]
[PlyCount "104"]
[GameId "2160767909821112"]
[EventDate "2011.01.15"]
[EventType "swiss"]
[EventRounds "5"]
[EventCountry "CAN"]

1. d4 e6 2. c4 d6 3. Nf3 b6 4. Bg5 f6 5. Bd2 Ne7 6. e4 c6 7. Nc3 Bb7 8. Bd3 Qc7 9. O-O Nd7 10. Qe2 g5 11. Rfe1 e5 12. dxe5 dxe5 13. Be3 Ng6 14. Qf1 Be7 15. Rac1 h5 16. Kh1 g4 17. Ng1 O-O-O 18. a3 Nc5 19. Bc2 Rh7 20. b4 Ne6 21. Bb1 Kb8 22. Nd5 Qd7 23. Nxe7 Qxe7 24. c5 b5 25. Rcd1 Rdh8 26. Rd6 h4 27. Red1 Ngf8 28. Ba2 Nf4 29. Ne2 Nh5 30. R1d2 a6 31. Qd1 Qg7 32. a4 Qg6 33. Nc3 g3 34. h3 gxf2 35. Bxf2 Ng3+ 36. Bxg3 hxg3 37. Qf3 Bc8 38. Rxf6 Qg5 39. Rd1 Ng6 40. Rxg6 Qxg6 41. axb5 cxb5 42. Rf1 Kc7 43. Bf7 Qg7 44. Bb3 Bg4 45. Qd3 Qg6 46. Qd2 Bxh3 47. Qd6+ Qxd6 48. cxd6+ Kxd6 49. gxh3 Rxh3+ 50. Kg2 Rh2+ 51. Kxg3 Rb2 52. Rd1+ Kc7 0-1

[Event "Ste-Foy 2011.01.15"]
[Site "Quebec CAN"]
[Date "2011.01.22"]
[Round "2"]
[White "Doyon, Stephane"]
[Black "Cournoyer, Dominic"]
[Result "1-0"]
[WhiteElo "1635"]
[BlackElo "1948"]
[PlyCount "77"]
[GameId "2160767909821113"]
[EventDate "2011.01.15"]
[EventType "swiss"]
[EventRounds "5"]
[EventCountry "CAN"]

1. e4 d5 2. exd5 Nf6 3. Nf3 Nxd5 4. d4 g6 5. Bc4 Bg7 6. O-O O-O 7. Re1 Nf6 8. Bb3 Nc6 9. d5 Na5 10. Nc3 Nxb3 11. axb3 e6 12. dxe6 Bxe6 13. Qxd8 Rfxd8 14. Nb5 Rd7 15. Bf4 Nd5 16. Be5 c6 17. Bxg7 Kxg7 18. Nbd4 Kf6 19. Nxe6 fxe6 20. Ne5 Rdd8 21. Ra4 h5 22. Rae4 Re8 23. c4 Nc7 24. Rf4+ Kg5 25. Rf7 Rac8 26. Re3 Kh6 27. Ref3 a6 28. h4 Rg8 29. g4 Rg7 30. g5+ Kh7 31. Rxg7+ Kxg7 32. Rf7+ Kg8 33. Rd7 Ne8 34. Nxg6 Rb8 35. Nf4 Ng7 36. Kg2 b5 37. c5 Rf8 38. Rxg7+ Kh8 39. Nxh5 1-0

[Event "Ste-Foy 2011.01.15"]
[Site "Quebec CAN"]
[Date "2011.01.22"]
[Round "2"]
[White "Tremblay, Charles"]
[Black "Labrecque, Rejean"]
[Result "1-0"]
[WhiteElo "1558"]
[BlackElo "1751"]
[PlyCount "71"]
[GameId "2160767909821114"]
[EventDate "2011.01.15"]
[EventType "swiss"]
[EventRounds "5"]
[EventCountry "CAN"]

1. c4 Nf6 2. Nc3 g6 3. Nf3 Bg7 4. g3 O-O 5. Bg2 c6 6. Rb1 d5 7. cxd5 cxd5 8. d4 Nc6 9. O-O Bf5 10. Ra1 Re8 11. Bf4 Nh5 12. Be3 e5 13. dxe5 Nxe5 14. Nxe5 Bxe5 15. Nxd5 Bxb2 16. Bc5 Bxa1 17. Qxa1 Be6 18. e4 Bxd5 19. exd5 Qf6 20. d6 Qxa1 21. Rxa1 Nf6 22. Rd1 Nd7 23. Ba3 Rab8 24. Bh3 Red8 25. Re1 b5 26. Bb4 Nb6 27. Rd1 Nd7 28. Ba5 Nb6 29. Bb4 f5 30. g4 fxg4 31. Bxg4 Kf7 32. Re1 Nd5 33. Be6+ Ke8 34. Bxd5+ Kd7 35. Re7+ Kc8 36. Be6+ 1-0

[Event "Ste-Foy 2011.01.15"]
[Site "Quebec CAN"]
[Date "2011.01.29"]
[Round "3"]
[White "Laflamme, Simon"]
[Black "Doyon, Stephane"]
[Result "1-0"]
[WhiteElo "1807"]
[BlackElo "1635"]
[PlyCount "67"]
[GameId "2160767909821115"]
[EventDate "2011.01.15"]
[EventType "swiss"]
[EventRounds "5"]
[EventCountry "CAN"]

1. d4 Nf6 2. c4 g6 3. Nc3 Bg7 4. e4 d6 5. Nf3 O-O 6. Be2 e5 7. O-O exd4 8. Nxd4 Re8 9. f3 Nbd7 10. Be3 a6 11. Qc2 Rb8 12. Rad1 c5 13. Nb3 Qc7 14. Bf4 Ne5 15. Qd2 Nh5 16. Nd5 Qd8 17. Bg5 f6 18. Bh4 g5 19. Bf2 g4 20. Ne3 gxf3 21. gxf3 Nf4 22. Bg3 Bh6 23. Kh1 Kf7 24. Nd5 Nxe2 25. Qxh6 Nxg3+ 26. hxg3 Rh8 27. Ne3 b5 28. Nxc5 Qg8 29. Rxd6 Qg6 30. Qh4 Nxc4 31. Nxc4 bxc4 32. e5 Ke8 33. exf6 Rxb2 34. Re1+ 1-0

[Event "Ste-Foy 2011.01.15"]
[Site "Quebec CAN"]
[Date "2011.02.05"]
[Round "4"]
[White "Cummins, Paul"]
[Black "Laflamme, Simon"]
[Result "1-0"]
[WhiteElo "1801"]
[BlackElo "1807"]
[PlyCount "79"]
[GameId "2160767909821116"]
[EventDate "2011.01.15"]
[EventType "swiss"]
[EventRounds "5"]
[EventCountry "CAN"]

1. e4 c6 2. Nf3 d5 3. Nc3 Bg4 4. exd5 cxd5 5. d4 Nc6 6. Be3 e6 7. a3 Nf6 8. Be2 Qb6 9. O-O Bd6 10. Na4 Qc7 11. h3 Bh5 12. b4 Ne4 13. Qe1 Rc8 14. Rc1 Qe7 15. c4 g5 16. c5 Bb8 17. b5 Bxf3 18. Bxf3 Qc7 19. g3 Ne7 20. Bxe4 dxe4 21. Bxg5 Nd5 22. Qxe4 Rg8 23. Bh4 Qa5 24. Rfe1 Kd7 25. c6+ bxc6 26. Nc5+ Kc7 27. Qe5+ Kb6 28. Nd7+ Kb7 29. Nxb8 Rxb8 30. bxc6+ Ka8 31. c7 Rbc8 32. Bd8 Qxa3 33. Rc5 Qf3 34. Qd6 Nf4 35. Qc6+ Qxc6 36. Rxc6 Nxh3+ 37. Kf1 Ng5 38. Ra1 Kb7 39. Rca6 Ra8 40. Rxa7+ 1-0

[Event "Ste-Foy 2011.01.15"]
[Site "Quebec CAN"]
[Date "2011.02.05"]
[Round "4"]
[White "Tremblay, Charles"]
[Black "Gaudreau, Eric"]
[Result "0-1"]
[WhiteElo "1558"]
[BlackElo "1790"]
[PlyCount "56"]
[GameId "2160767909821117"]
[EventDate "2011.01.15"]
[EventType "swiss"]
[EventRounds "5"]
[EventCountry "CAN"]

1. c4 Nf6 2. Nc3 e6 3. Nf3 d5 4. d4 Be7 5. Bf4 c6 6. h3 O-O 7. e3 Nbd7 8. Be2 b6 9. O-O Bb7 10. Rb1 Re8 11. b4 dxc4 12. Bxc4 Nd5 13. Nxd5 exd5 14. Bd3 Nf6 15. Qc2 h6 16. a4 Ne4 17. Bxe4 dxe4 18. Ne5 Qd5 19. Rfd1 g5 20. Bh2 Kg7 21. Qe2 f6 22. Nc4 Ba6 23. Rdc1 Red8 24. Qc2 Rac8 25. Rb2 c5 26. bxc5 bxc5 27. dxc5 Rxc5 28. Rb4 Rdc8 0-1

[Event "Ste-Foy 2011.01.15"]
[Site "Quebec CAN"]
[Date "2011.02.12"]
[Round "5"]
[White "Cournoyer, Dominic"]
[Black "Cummins, Paul"]
[Result "1-0"]
[WhiteElo "1948"]
[BlackElo "1801"]
[PlyCount "101"]
[GameId "2160767909821118"]
[EventDate "2011.01.15"]
[EventType "swiss"]
[EventRounds "5"]
[EventCountry "CAN"]

1. c4 e6 2. Nf3 d5 3. e3 Nf6 4. Nc3 c6 5. Be2 Bd6 6. d4 Nbd7 7. O-O O-O 8. b3 dxc4 9. bxc4 e5 10. Bb2 Re8 11. d5 Nc5 12. dxc6 bxc6 13. Qc2 e4 14. Nd4 Ng4 15. h3 Qh4 16. Nxe4 Nxe4 17. Nf3 Qh6 18. hxg4 Bxg4 19. Rfd1 Ng3 20. fxg3 Qxe3+ 21. Kf1 Bxg3 22. Bd4 Qh6 23. Ng1 Qf4+ 24. Bf3 Rad8 25. Ne2 Bf5 26. Qd2 Qh4 27. Nxg3 Qxg3 28. Qf2 Qg6 29. Kg1 Bd3 30. Bxa7 Bxc4 31. Rxd8 Rxd8 32. a4 Qg5 33. Be3 Qe5 34. Rc1 Bb3 35. Bxc6 Rc8 36. Bb5 Rxc1+ 37. Bxc1 h6 38. Bb2 Qd5 39. Qd4 Qg5 40. Qe5 Qg4 41. Qe8+ Kh7 42. Bd3+ f5 43. Qe5 Qd1+ 44. Bf1 Qd7 45. a5 Bc2 46. a6 Be4 47. Qd4 Qe7 48. a7 Qg5 49. Qxg7+ Qxg7 50. Bxg7 Kxg7 51. g3 1-0

[Event "Ste-Foy 2011.03.06"]
[Site "Quebec CAN"]
[Date "2011.03.05"]
[Round "1"]
[White "Beaudoin, Gaetan"]
[Black "Laflamme, Simon"]
[Result "0-1"]
[WhiteElo "1608"]
[BlackElo "1812"]
[PlyCount "36"]
[GameId "2160767909787476"]
[EventDate "2011.03.06"]
[EventType "swiss"]
[EventRounds "5"]
[EventCountry "CAN"]

1. e4 e5 2. f4 d5 3. exd5 exf4 4. Nf3 Nf6 5. c4 c6 6. dxc6 Nxc6 7. d4 Bb4+ 8. Nc3 O-O 9. Be2 Re8 10. O-O Nxd4 11. Qxd4 Qa5 12. Qd1 Bf5 13. Re1 Rad8 14. Qb3 Qc5+ 15. Kh1 Ng4 16. Bxf4 Nf2+ 17. Kg1 Nh3+ 18. Kh1 Qg1+ 0-1

[Event "Ste-Foy 2011.03.06"]
[Site "Quebec CAN"]
[Date "2011.03.05"]
[Round "1"]
[White "Caron, Sebastien"]
[Black "Doyon, Stephane"]
[Result "1-0"]
[WhiteElo "1908"]
[BlackElo "1660"]
[PlyCount "61"]
[GameId "2160767909787477"]
[EventDate "2011.03.06"]
[EventType "swiss"]
[EventRounds "5"]
[EventCountry "CAN"]

1. e4 c5 2. Nf3 d6 3. d4 cxd4 4. Nxd4 Nf6 5. Nc3 a6 6. Bg5 e6 7. f4 Be7 8. Qf3 Nbd7 9. O-O-O O-O 10. Bd3 Qc7 11. Rhe1 b5 12. Qh3 Nc5 13. e5 Nxd3+ 14. Rxd3 dxe5 15. fxe5 Nd5 16. Qh4 h6 17. Nxd5 Bxg5+ 18. Qxg5 exd5 19. Qh5 Qa5 20. Ree3 Qxa2 21. g4 g6 22. Qxh6 Qa1+ 23. Kd2 Bxg4 24. Re1 Qa5+ 25. c3 Qb6 26. e6 b4 27. Rf1 bxc3+ 28. bxc3 Qb2+ 29. Nc2 Bxe6 30. Rg3 Qb6 31. Rf6 1-0

[Event "Ste-Foy 2011.03.06"]
[Site "Quebec CAN"]
[Date "2011.03.12"]
[Round "2"]
[White "Ferrando, Carlos"]
[Black "Leblanc-Legault, Mathieu"]
[Result "0-1"]
[WhiteElo "1275"]
[BlackElo "1346"]
[PlyCount "118"]
[GameId "2160767909787478"]
[EventDate "2011.03.06"]
[EventType "swiss"]
[EventRounds "5"]
[EventCountry "CAN"]

1. d4 c6 2. Bf4 d5 3. e3 Bf5 4. c3 Nf6 5. Nf3 Nbd7 6. Qb3 Qc8 7. Be2 Ne4 8. Qa4 Nb6 9. Qd1 h6 10. Nfd2 Nf6 11. c4 dxc4 12. Nxc4 Nxc4 13. Bxc4 e6 14. Nc3 Qd7 15. Qb3 Nh5 16. Be5 f6 17. Be2 fxe5 18. Bxh5+ g6 19. Bf3 exd4 20. exd4 O-O-O 21. Rd1 h5 22. O-O Qc7 23. Be4 Bd6 24. g3 h4 25. Bxf5 gxf5 26. Qxe6+ Kb8 27. f4 hxg3 28. hxg3 Qh7 29. Kg2 Qh3+ 30. Kf2 Bxf4 31. Ne2 Bxg3+ 32. Nxg3 Rhe8 33. Rh1 Qxg3+ 34. Kxg3 Rxe6 35. Rh4 Rf6 36. Kf4 Rf7 37. Rh5 Rd5 38. Rg5 c5 39. Rg2 Kc7 40. Rgd2 Rfd7 41. Rc2 b6 42. b4 Rxd4+ 43. Rxd4 Rxd4+ 44. Kxf5 Rxb4 45. Ke5 Ra4 46. Kd5 Rd4+ 47. Ke5 Kc6 48. Ke6 a5 49. Ke5 Kb5 50. Rh2 Ra4 51. Rb2+ Rb4 52. Rh2 Ka4 53. Kd6 c4 54. Kd5 b5 55. Re2 Ka3 56. Kc5 Rb2 57. Rxb2 Kxb2 58. Kxb5 c3 59. Kxa5 c2 0-1

[Event "Ste-Foy 2011.03.06"]
[Site "Quebec CAN"]
[Date "2011.03.19"]
[Round "3"]
[White "Caron, Sebastien"]
[Black "Laflamme, Simon"]
[Result "1-0"]
[WhiteElo "1921"]
[BlackElo "1821"]
[PlyCount "127"]
[GameId "2160767909787479"]
[EventDate "2011.03.06"]
[EventType "swiss"]
[EventRounds "5"]
[EventCountry "CAN"]

1. d4 d5 2. c4 e6 3. Nc3 c5 4. e3 Nf6 5. Nf3 a6 6. dxc5 Bxc5 7. cxd5 exd5 8. a3 O-O 9. Be2 Nc6 10. O-O Bg4 11. b4 Ba7 12. h3 Be6 13. Bb2 Qd6 14. Bd3 Rac8 15. Ne2 Bb8 16. Ng3 Qe7 17. Nf5 Qd7 18. N3h4 Ne5 19. f4 Nxd3 20. Qxd3 Bxf5 21. Nxf5 Qe6 22. Bd4 Ne8 23. Rac1 Rxc1 24. Rxc1 f6 25. Bc5 Nd6 26. Qxd5 Qxd5 27. Ne7+ Kf7 28. Nxd5 Re8 29. Bxd6 Bxd6 30. Kf2 f5 31. Kf3 Bb8 32. Rc4 Rd8 33. e4 fxe4+ 34. Kxe4 Re8+ 35. Kf3 Rd8 36. Rd4 Re8 37. Ne3 Ba7 38. Rd3 Bxe3 39. Rxe3 Rd8 40. Rc3 Rd7 41. g4 g6 42. Ke4 Kf6 43. h4 Re7+ 44. Kf3 Rd7 45. Ke3 Re7+ 46. Kd3 Rd7+ 47. Ke2 Re7+ 48. Re3 Rc7 49. Kd3 Rd7+ 50. Kc4 Rc7+ 51. Kd5 Rd7+ 52. Kc5 h5 53. gxh5 gxh5 54. Re5 Rh7 55. Kb6 Kg6 56. Rg5+ Kf6 57. Rc5 Rd7 58. Rxh5 Rd4 59. Kxb7 Rxf4 60. Kxa6 Rf3 61. a4 Rf4 62. Kb5 Kg6 63. Rc5 Rxh4 64. a5 1-0

[Event "Ste-Foy 2011.03.06"]
[Site "Quebec CAN"]
[Date "2011.03.19"]
[Round "3"]
[White "Cournoyer, Dominic"]
[Black "Cummins, Paul"]
[Result "1-0"]
[WhiteElo "1912"]
[BlackElo "1767"]
[PlyCount "63"]
[GameId "2160767909787480"]
[EventDate "2011.03.06"]
[EventType "swiss"]
[EventRounds "5"]
[EventCountry "CAN"]

1. c4 Nf6 2. Nc3 c5 3. Nf3 Nc6 4. d4 cxd4 5. Nxd4 Nxd4 6. Qxd4 g6 7. g3 Bg7 8. Bg2 d6 9. O-O O-O 10. Rd1 a6 11. Qd3 Qc7 12. Bg5 Be6 13. b3 Rab8 14. Rac1 Rfe8 15. Bxf6 Bxf6 16. Ne4 Be5 17. c5 Qa5 18. cxd6 Bxd6 19. Nxd6 exd6 20. a4 Qb4 21. Rc3 d5 22. Qd4 Qe7 23. e3 Red8 24. Rc5 b6 25. Rc6 Rd6 26. Rxd6 Qxd6 27. e4 Qa3 28. exd5 Bf5 29. d6 Qxb3 30. Re1 Be6 31. Bf1 Bd5 32. d7 1-0